Padre Rafael C. Castellanos / (Record no. 94294)

MARC details
000 -LEADER
campo de control de longitud fija 01563cas a2200457 a 4500
001 - NÚMERO DE CONTROL
campo de control 61635
005 - FECHA Y HORA DE LA ÚLTIMA TRANSACCIÓN
campo de control 20230410142348.0
008 - DATOS DE LONGITUD FIJA--INFORMACIÓN GENERAL
campo de control de longitud fija 930910c19759999dr br p o spa
035 ## - NÚMERO DE CONTROL DEL SISTEMA
-- (DLC) 93656326
035 ## - NÚMERO DE CONTROL DEL SISTEMA
Número de control de sistema 11423658
010 ## - NÚMERO DE CONTROL DE LA BIBLIOTECA DEL CONGRESO
Número de control de LC 93656326
012 ## -
-- 23-7-9310280094-p-9309
035 ## - NÚMERO DE CONTROL DEL SISTEMA
Número de control de sistema (OCoLC)ocm28774604
040 ## - FUENTE DE CATALOGACIÓN
Centro catalogador/agencia de origen DLC
Centro/agencia transcriptor DLC
042 ## - CÓDIGO DE AUTENTICACIÓN
Código de autenticación lc
043 ## - CÓDIGO DE ÁREA GEOGRÁFICA
Código de área geográfica e-sp---
050 14 - SIGNATURA TOPOGRÁFICA DE LA BIBLIOTECA DEL CONGRESO
Número de clasificación BX1583.P123
Número de ítem C4a
245 00 - MENCIÓN DEL TÍTULO
Título Padre Rafael C. Castellanos /
Resto del título 1875-6 de agosto -1975.
Mención de responsabilidad, etc. Arzobispado de Santo Domingo .
249 0# -
-- ACQUIRE Title:
-- Boletín oficial eclesiástico.
260 ## - PUBLICACIÓN, DISTRIBUCIÓN, ETC.
Lugar de publicación, distribución, etc. Santo Domingo :
Nombre del editor, distribuidor, etc. (Santo Domingo
265 ## - FUENTE DE ADQUISICIÓN/DIRECCIÓN DE SUSCRIPCIÓN [OBSOLETO]
Fuente de adquisición/dirección de suscripción [OBSOLETO] Arzobispado C de Santo Domingo/.
300 ## - DESCRIPCIÓN FÍSICA
Extensión v. ;
Dimensiones 24 cm.
310 ## - PERIODICIDAD ACTUAL
Periodicidad actual Bimonthly
362 0# - FECHAS DE PUBLICACIÓN Y/O DESIGNACIÓN SECUENCIAL
Fecha de publicación y/o designación secuencial Año 57, núm. 474 (enero-feb. 1993)-
500 ## - NOTA GENERAL
Nota general Title from cover.
500 ## - NOTA GENERAL
Nota general Description based on: Aäno 57, nâum. 474 (enero-feb. 1993); title from cover.
515 ## - NOTA DE PECULIARIDADES DE LA NUMERACIÓN
Nota de peculiaridades de la numeración Issue for enero-feb. 1993 is erroneously designated aäno 56 on cover.
590 ## - NOTA LOCAL (RLIN)
Nota local SERBIB/SERLOC merged record
592 ## -
-- ACQN: aq 95010145
592 ## -
-- Rec'd v51,n588 (1987) - v60,n673 (1996); n678 (1997); v62,n683 (1998);
610 20 - PUNTO DE ACCESO ADICIONAL DE MATERIA--NOMBRE DE ENTIDAD CORPORATIVA
Nombre de entidad corporativa o nombre de jurisdicción como elemento de entrada Catholic Church.
Unidad subordinada Arzobispado Castrense de Espaän
Subdivisión general Periodicals.
710 20 - ENTRADA AGREGADA--NOMBRE DE ENTIDAD CORPORATIVA
Nombre de entidad corporativa o nombre de jurisdicción como elemento de entrada Catholic Church.
Unidad subordinada Arzobispado Castrense de Espaäna.
890 ## -
-- Boletín oficial ecleástico.
-- 93-656326
920 ## -
-- Keep 1
942 ## - ELEMENTOS DE ENTRADA SECUNDARIOS (KOHA)
Fuente del sistema de clasificación o colocación Clasificación de Library of Congress
Tipo de ítem Koha
992 ## -
-- EMPTY
-- ACQUIRE
946 ## - PROCESAMIENTO DE INFORMACIÓN LOCAL (OCLC)
a clperez
992 ## -
-- SER
-- SERLOC
Holdings
Estatus retirado Estado de pérdida Fuente del sistema de clasificación o colocación Estado de daño No para préstamo Colección Biblioteca de origen Biblioteca actual Ubicación en estantería Fecha de adquisición Serial enumeration / chronology Signatura topográfica completa Código de barras Visto por última vez Copia número Tipo de ítem Koha
    Clasificación de Library of Congress     Humanidades Biblioteca Juan Bosch Biblioteca Juan Bosch Humanidades (4to. Piso) 10/04/2023 3 BX1583.P123 C4a 00000062191 17/11/2018 1